Every 100,000+ City in Ghana in Order - Statistics

General Stats
  • This quiz has been taken 41 times
    16 since last reset
  • The average score is 7 of 44
Answer Stats
Letter Population City % Correct
A 5,870,439 Accra
100%
K 4,106,553 Kumasi
100%
T 810,042 Tamale
64%
S-T 1,207,850 Sekondi-Takoradi
45%
C-C 442,093 Cape Coast
36%
A 466,228 Ashaiman
27%
O 270,437 Obuasi
27%
S 416,259 Sunyani
27%
T 372,902 Techiman
27%
T 402,015 Tema
27%
H 151,707 Ho
18%
H 101,079 Hohoé
18%
K 226,170 Koforidua
18%
W 242,408 Wa
18%
A 102,110 Aboaso
9%
B 105,417 Bawku
9%
B 248,046 Berekum
9%
B 134,022 Bolgatanga
9%
D-A 120,646 Dormaa Ahenkro
9%
E 153,097 Ejisu
9%
K 714,025 Kasoa
9%
K 146,055 Kintampo
9%
K 113,293 Konongo
9%
L 142,902 Lashibi
9%
N 108,450 Nkawkaw
9%
A 180,008 Achimota
0%
A 205,067 Adenta
0%
A-S 110,050 Agona Swedru
0%
A 116,042 Atebubu
0%
D 180,110 Denu
0%
D 116,297 Dome
0%
E 103,062 Effiduase
0%
F 104,505 Foso
0%
G 100,945 Gbawe
0%
M 126,005 Mankessim
0%
N 124,788 Nkoranza
0%
N 102,382 Nungua
0%
S 104,062 Suhum
0%
T 121,522 Taifa
0%
T 122,753 Tarkwa
0%
T 201,285 Teshie
0%
W 317,031 Weija
0%
W 102,006 Wiawso
0%
W 106,238 Winneba
0%
No matching quizzes found
Score Distribution
Percent of People with Each Score
Percentile by Number Answered
Your Score History
You have not taken this quiz since the last reset